| 000 | 00427nam a22001697a 4500 | ||
|---|---|---|---|
| 003 | CEME | ||
| 005 | 20210628205919.0 | ||
| 008 | 210208b xxu||||| |||| 00| 0 eng d | ||
| 040 | _c. | ||
| 082 | _a891.4391 DAN | ||
| 100 |
_aDanish, Shafie Haider Shafie Haider Danish _977451 |
||
| 245 | _aGadla paani | ||
| 260 |
_aKARACHI _bSHAFIE HAIDER _c1997 |
||
| 300 | _a137P | ||
| 650 |
_aURDU ADAB-POETRY _928226 |
||
| 942 |
_cBK _2ddc |
||
| 999 |
_c582716 _d582716 |
||